Central Library OPAC University of Rajshahi

বিশ শতকের প্রথমার্ধের বাঙালির মুসলিম-মাদসঃ (Record no. 39124)

MARC details
000 -LEADER
fixed length control field 01005nam a2200229 a 4500
001 - CONTROL NUMBER
control field 39124
003 - CONTROL NUMBER IDENTIFIER
rucl marc code BD-RjUL
005 - DATE AND TIME OF LATEST TRANSACTION
control field 20211209052925.0
008 - FIXED-LENGTH DATA ELEMENTS--GENERAL INFORMATION
fixed length control field 160405b2003 bg |||e |||| 001 0dben d
020 ## - INTERNATIONAL STANDARD BOOK NUMBER
International Standard Book Number 9840743457
Terms of availability Tk.100
035 ## - SYSTEM CONTROL NUMBER
System control number (BD-RjUL)
040 ## - CATALOGING SOURCE
Original cataloging agency BD-RjUL
Language of cataloging ben
Transcribing agency BD-RjUL
041 ## - LANGUAGE CODE
Language code of text/sound track or separate title ben
082 ## - DEWEY DECIMAL CLASSIFICATION NUMBER
Edition number 23
Classification number B 891.44
Author mark and year KHB 2003
100 ## - MAIN ENTRY--PERSONAL NAME
Personal name খান, মোঃ জামান
9 (RLIN) 120726
245 ## - TITLE STATEMENT
Title বিশ শতকের প্রথমার্ধের বাঙালির মুসলিম-মাদসঃ
Remainder of title এস ওয়াজেদ আলির সাহিত্যকর্ম /
Statement of responsibility, etc. মোঃ জামান খান
260 ## - PUBLICATION, DISTRIBUTION, ETC. (IMPRINT)
Place of publication, distribution, etc. ঢাকা :
Name of publisher, distributor, etc. বাংলা একাডেমী,
Date of publication, distribution, etc. ২০০৩.
300 ## - PHYSICAL DESCRIPTION
Pagination [৬], ১৭৬ পৃ.:
Size ২২সেমি.
650 ## - SUBJECT ADDED ENTRY--TOPICAL TERM
Topical term or geographic name as entry element বাংলাদেশের মুসলিমদের ইতিহাস
Geographic subdivision বাংলাদেশ
9 (RLIN) 120727
Topical term or geographic name as entry element History of muslim in bangladesh
9 (RLIN) 120728
942 ## - ADDED ENTRY ELEMENTS (KOHA)
Source of classification or shelving scheme Dewey Decimal Classification
Koha item type Books
Holdings
Lost status Source of classification or shelving scheme Damaged status Not for loan Collection code Permanent Location Current Location Shelving location Date acquired Source of acquisition Cost, normal purchase price Total Checkouts Full call number Date last seen Copy number Koha item type Checked out Date checked out Total Renewals
  Dewey Decimal Classification   Not For Loan Non-fiction Central Library, University of Rajshahi Central Library, University of Rajshahi Reading Room 23/06/2013 Bangla Academy, Dhaka 100.00   B 891.44 KHB 2003 05/04/2016 C-1 Books      
  Dewey Decimal Classification     Non-fiction Central Library, University of Rajshahi Central Library, University of Rajshahi   23/06/2013 Bangla Academy, Dhaka 100.00 5 B 891.44 KHB 2003 27/04/2026 C-2 Books 12/05/2026 27/04/2026  
  Dewey Decimal Classification     Non-fiction Central Library, University of Rajshahi Central Library, University of Rajshahi   23/06/2013 Bangla Academy, Dhaka 100.00 1 B 891.44 KHB 2003 19/07/2018 C-3 Books   07/03/2018 1